• 首页
  • 本馆介绍
  • 公告通知
  • 最新文献
  • 馆藏检索
  • 电子资源
  • 读者导购
  • 参考咨询
  • 我的图书馆
  • 登录
  • 详细信息显示
  • 放入我的书架
  • 预约/预借图书
  • 作者相关作品
  • 分类相关作品
  • 丛书相关作品
  • 出版社相关作品

书目信息

  • 表格格式
  • 工作单格式
  • 卡片格式
题名:
民营企业内部管理
    
 
作者: 常兴华 , 张建军 编著
分册: 下册  
出版信息: 北京   中国水利水电出版社  2005
页数: 305-570页
开本: 21cm
丛书名: 民营企业工具丛书
单 册:
中图分类: F276.5
科图分类:
主题词: 私营企业--企业管理 , 私营企业
电子资源:
ISBN: 7-5084-2726-2
000 01210oam2 2200289 450
001 012007495230
005 20070605150255.78
010    @a7-5084-2726-2@dCNY36.00(全2册)
100    @a20070602d2005 km y0chiy0120 ea
101 0  @achi
102    @aCN@b110000
105    @aa z 000yy
106    @ar
200 1  @a民营企业内部管理@Amin ying qi ye nei bu guan li@e最实用的方法和工具精选@h下册@f常兴华,张建军编著@Fchang xing hua,zhang jian jun bian zhu
210    @a北京@c中国水利水电出版社@d2005
215    @a305-570页@c图@d21cm
225 2  @a民营企业工具丛书
330    @a本书精选了适合民营企业特点的管理方法,力求全面、系统,并力争把当前最新的内部管理方法介绍给阅读者。内容涉及到民营企业战略企划和经营决策方法、民营企业战略企划和经营决策方法、组织行为管理方法、人力资源管理方法、生产和控制管理方法、质量管理方法、产品和营销管理方法、财务管理方法等。
461  0 @12001 @a民营企业工具丛书
517 1  @a最实用的方法和工具精选@Azui shi yong de fang fa he gong ju jing xuan
606 0  @a私营企业@x企业管理
606 0  @a私营企业
690    @aF276.5@v4
701  0 @a常兴华@Achang xing hua@4编著
701  0 @a张建军@Azhang jian jun@4编著
801  0 @aCN@bRULIN@c20070605
905    @dF276.5@e561:2@s8
    
    民营企业内部管理:最实用的方法和工具精选.下册/常兴华,张建军编著.-北京:中国水利水电出版社,2005
    305-570页:图;21cm.-(民营企业工具丛书)
    
    
    ISBN 7-5084-2726-2:CNY36.00(全2册)
    本书精选了适合民营企业特点的管理方法,力求全面、系统,并力争把当前最新的内部管理方法介绍给阅读者。内容涉及到民营企业战略企划和经营决策方法、民营企业战略企划和经营决策方法、组织行为管理方法、人力资源管理方法、生产和控制管理方法、质量管理方法、产品和营销管理方法、财务管理方法等。
●
相关链接 在E读中查询图书 在五车中查询图书 在当当中查询图书 在豆瓣中查询图书


正题名:民营企业内部管理     索取号:F276.5/561:2         预约/预借

序号 登录号 条形码 馆藏地/架位号 状态 备注
1 0582501   205825017   第一样本阅览室/ [索取号:F276.5/561:2] 在馆    
2 0582503   205825035   第一借阅区/ [索取号:F276.5/561:2] 在馆    
3 0582505   205825053   第一借阅区/ [索取号:F276.5/561:2] 在馆    
4 0582507   205825071   第一借阅区/ [索取号:F276.5/561:2] 在馆    
5 0582509   205825099   密集书库/ [索取号:F276.5/561:2] 在馆    
6 0582511   205825115   密集书库/ [索取号:F276.5/561:2] 在馆    
7 0582513   205825133   密集书库/ [索取号:F276.5/561:2] 在馆    
8 0582515   205825151   第一借阅区/ [索取号:F276.5/561:2] 在馆    
唐山师范学院图书馆 欢迎您!
大连网信软件有限公司© 版权所有